| Record ID | marc_records_scriblio_net/part27.dat:190613541:719 |
| Source | Scriblio |
| Download Link | /show-records/marc_records_scriblio_net/part27.dat:190613541:719?format=raw |
LEADER: 00719nam 2200241 a 4500
001 98222353
003 DLC
005 19990405103815.7
008 981119s1995 be ab b 000 0 dut
010 $a 98222353
020 $a9061529107
040 $aDLC$cDLC
043 $ae-be---
050 00 $aDH811.D487$bM67 1995
100 1 $aMoons, Willy.
245 10 $aVan IJzer tot polder /$cWilly Moons.
250 $a3. druk.
260 $aLeuven :$bDavidsfonds,$cc1995.
300 $a128 p. :$bill., maps ;$c22 cm.
504 $aIncludes bibliographical references (p. 126-128).
651 0 $aDiksmuide (Belgium)$xGuidebooks.
651 0 $aVeurne (Belgium)$xGuidebooks.
651 0 $aNieuwpoort (West Flanders, Belgium)$xGuidebooks.